Especiarias - Statistics

Estatísticas Gerais
  • Esse quiz foi jogado 53 vezes
  • A pontuação média é 6 de 15
Estatísticas das Respostas
Imagem Resposta % Correto
Canela
100%
Alecrim
69%
Orégano
69%
Cebolinha
67%
Açafrão
60%
Baunilha
48%
Anis
40%
Manjericão
36%
Tomilho
33%
Cominho
26%
Curry
24%
Colorau
17%
Coentros
12%
Erva cidreira
2%
Estragão
0%
Nenhum quiz correspondente encontrado
Distribuição das Pontuações
Porcentagem de Pessoas com Cada Pontuação
Percentil de Números Respondidos
Sua Pontuação Histórica
Você não jogou esse quiz